| 000 | 00402nam a2200157Ia 4500 | ||
|---|---|---|---|
| 008 | 230917s9999||||xx |||||||||||||| ||und|| | ||
| 040 |
_e63041 _aMAIN |
||
| 041 | _aEnglish | ||
| 082 | _a320.08 D825P | ||
| 100 | _aDreyer, Edward C | ||
| 245 | 0 | _aPolitical opinion and behavior: Essays and studies | |
| 250 | _a2nd ed. | ||
| 260 |
_aBelmont _bWadsworth _c1970 |
||
| 300 | _aix, 581 p. | ||
| 942 | _cBK | ||
| 999 |
_c105414 _d105414 |
||